[Event "Manila AQ Prime op 3rd"]
[Site "Manila"]
[Date "2023.11.02"]
[Round "5"]
[White "Dela Cruz, Adrian"]
[Black "Tiu, Sherwin"]
[Result "0-1"]
[WhiteElo "2043"]
[BlackElo "2243"]
[PlyCount "42"]
[EventDate "2023.10.28"]
[EventType "swiss"]
[EventRounds "9"]
[EventCountry "PHI"]
[SourceTitle "CB46_2023"]
[SourceDate "2023.11.15"]
[SourceVersion "1"]
[SourceVersionDate "2023.11.15"]
[SourceQuality "1"]

1. d4 Nf6 2. c4 e6 3. Nf3 b6 4. g3 Bb7 5. Bg2 Bb4+ 6. Bd2 Bxd2+ 7. Qxd2 d6 8. Nc3 Ne4 9. Qe3 Nxc3 10. Qxc3 Nd7 11. Rd1 0-0 12. Qc2 f5 13. d5 e5 14. h4 a5 15. g4 fxg4 16. Ng5 Nf6 17. Be4 g6 18. h5 Nxe4 19. Ne6 Qf6 20. Qxe4 Qxe6 21. hxg6 Qxg6 0-1